| 000 | 00762nam a2200217 i 4500 | ||
|---|---|---|---|
| 001 | 42769 | ||
| 003 | ES-MaACL | ||
| 005 | 20250712062539.0 | ||
| 007 | t| | ||
| 008 | 030314m19691979sp |||| | spa d | ||
| 100 | 1 |
_aCela, Camilo José, _d1916-2002 _937336 |
|
| 245 | 1 | 0 |
_aDiccionario secreto / _cCamilo José Cela. |
| 250 | _a1ª ed. de bolsillo. | ||
| 260 |
_aMadrid : _bAlfaguara, _c1969-1979. |
||
| 300 |
_a2 v. ; _c19 cm. |
||
| 505 | 8 | _aContiene: I. Series coleo y afines (284 p.) - II. Series pis y afines (conclusión) (599 p.) | |
| 650 | 4 |
_aLengua española- _xPalabras y frases malsonantes- _vDiccionarios. _9163217 |
|
| 650 | 4 |
_aLengua española- _xArgots y jergas- _vDiccionarios. _9148231 |
|
| 852 | 4 |
_aES-MaACL _jC-40678-79 |
|
| 999 |
_c42769 _d42769 |
||